| 000 | 00641nam a2200253Ia 4500 | ||
|---|---|---|---|
| 999 |
_c16776 _d16776 |
||
| 003 | 0100 | ||
| 005 | 20190801110237.0 | ||
| 008 | 130303s9999 xx 000 0 und d | ||
| 040 | _cARRUPELIB | ||
| 050 | _aHQ1426.A68251993 | ||
| 100 |
_aAndersen, Margaret L _947720 |
||
| 245 | _aThinking about women | ||
| 245 | _bsociological perspectives on sex and gender | ||
| 250 | _a3rd | ||
| 260 |
_aNew York _bMacmillan _c1993 |
||
| 300 | _axxi | ||
| 300 | _b 407 p.24cm | ||
| 650 |
_aSocial change _x Feminist theory _947721 |
||
| 700 |
_aMargaret L. Andersen _947722 |
||
| 942 | 0 | 0 |
_01 _2lcc _cMONOGRAPH |